¿Cómo se forman los policías? Derechos humanos y policía comunitaria (Registro nro. 12760)
[ vista simple ]
| 000 -Cabecera | |
|---|---|
| Campo de control de longitud fija | 00840nam a22003017a 4500 |
| 005 - Fecha y hora de la última transacción | |
| Campo de control | 20250918161712.0 |
| 008 - Elementos de longitud fija--Información general | |
| Campo de control de longitud fija | 200915b2018 xxu||||| |||| 00| 0 spa d |
| 020 ## - International Standard Book Number | |
| Número Internacional Estándar del Libro (ISBN) | 9786123173180 |
| 041 ## - Idioma | |
| Código de idioma | Español |
| 082 ## - Clasificación Decimal Dewey | |
| Número de clasificación | 363.23 J37c |
| 100 ## - Entrada principal--Autor personal | |
| Nombre personal | Jara Basombrío, Ernesto de la |
| 9 (RLIN) | 58747 |
| 100 ## - Entrada principal--Autor personal | |
| Nombre personal | Bazán Seminario, César |
| 9 (RLIN) | 58748 |
| 245 ## - Título propiamente dicho | |
| Título | ¿Cómo se forman los policías? Derechos humanos y policía comunitaria |
| 260 ## - Pie de imprenta | |
| Lugar de publicación, distribución, etc. | Perú |
| 260 ## - Pie de imprenta | |
| Nombre del editor, distribuidor, etc. | PUCP |
| 260 ## - Pie de imprenta | |
| Fecha de publicación, distribución, etc. | 2018 |
| 300 ## - Descripción física | |
| Extensión | 239 páginas |
| 490 ## - Serie | |
| Título de la Serie | Investigación Criminal |
| 650 ## - Materia general | |
| Temática (materia general) | INVESTIGACIÓN CRIMINAL |
| 650 ## - Materia general | |
| Temática (materia general) | POLICÍA COMUNITARIA |
| 650 ## - Materia general | |
| Temática (materia general) | DERECHOS HUMANOS |
| 650 ## - Materia general | |
| Temática (materia general) | FORMACIÓN DE LA POLICÍA |
| 650 ## - Materia general | |
| Temática (materia general) | EDUCACIÓN POLICIAL |
| 650 ## - Materia general | |
| Temática (materia general) | PLAN DE ESTUDIOS |
| 650 ## - Materia general | |
| Temática (materia general) | MALLA CURRICULAR |
| 650 ## - Materia general | |
| Temática (materia general) | PERÚ |
| 942 ## - Punto de acceso adicional KOHA | |
| Tipo de ítem KOHA | Libro |
| Fuente del sistema de clasificación o colocación | Dewey Decimal Classification |
| Signatura completa | Código de barras | Programa Académico | Tipo de ítem |
|---|---|---|---|
| 363.23 J37c | 25039 | Investigación Criminal | Libro |